000 00802nam a22002172 4500
001 0000007218
005 20151021151112.0
008 071201s xx 000 0 eng d
020 _a0393326667 :
_cKES
040 _aKABU
_cKABU
110 2 _aWorldwatch Institute.
_@0000074853
245 1 0 _aState of the world :
_ba Worldwatch Institute report on progress toward a sustainable society /
_cWorldwatch Institute.
260 _aWashington, D. C. :
_bWorldwatch Institute,
_c2005.
300 _axxvii, 237 p.
650 0 _aEconomic history
_y2005-.
_@0000158368
650 0 _aEconomic policy
_y2005-.
_@0000158369
852 1 _9p2278 KES
908 _a071201
950 _@1
999 _c707
_d707